| 000 | 00576nam a2200229 a 4500 | ||
|---|---|---|---|
| 003 | AR-BaBNM | ||
| 005 | 20251128203154.0 | ||
| 008 | 082120s2002 ||||||||||||||000 | spa|| | ||
| 040 | _cAR-BaBNM | ||
| 100 | 1 | _aAquino, Pedro Benjamín | |
| 245 | 0 | 0 | _a¡Criolla vieja! |
| 260 |
_aBuenos Aires _bEdiciones del Carro de Tespis _c1957 |
||
| 300 | _a63 p. | ||
| 490 | 0 |
_aArgentores _vv. 6 |
|
| 650 | 4 | _aLITERATURA ARGENTINA | |
| 650 | 4 | _aTEATRO | |
| 650 | 4 | _aTEATRO POPULAR | |
| 650 | 4 | _aCOSTUMBRES Y TRADICIONES | |
| 655 | _aLITERATURA | ||
| 942 | _cBK | ||
| 998 | _cMARTIN | ||
| 999 |
_c2224 _d2224 |
||